J1昇格プレーオフ圏内チーム - Statistics

General Stats
  • This quiz has been taken 20 times
  • The average score is 44 of 48
Answer Stats
Hint Answer % Correct
4位 磐田
100%
6位 山形 昇格
100%
2015 3位 福岡 昇格
100%
6位 岡山
100%
4位 福岡
100%
6位 山形
100%
2022 3位 岡山
100%
6位 山形
100%
4位 清水
100%
5位 山形
100%
4位 山形
100%
5位 岡山 昇格
100%
6位 仙台
100%
5位 磐田
100%
6位 大分 昇格
95%
4位 徳島 昇格
95%
6位 長崎
95%
6位 長崎
95%
2016 3位 松本
95%
4位 町田 資格なし
95%
4位 徳島
95%
5位 甲府
95%
4位 熊本
95%
5位 大分
95%
2024 3位 長崎
95%
4位 徳島
95%
4位 横浜FC
95%
2018 3位 横浜FC
95%
5位 千葉
89%
5位 千葉
89%
2014 3位 千葉
89%
5位 北九州 資格なし
89%
2017 3位 名古屋 昇格
89%
6位 千葉
89%
6位 千葉
89%
2025 3位 千葉 昇格
89%
5位 大宮
84%
2019 3位 大宮
84%
6位 大宮
84%
5位 東京V
84%
6位 東京V
84%
2023 3位 東京V 昇格
84%
2012 3位 京都
79%
2013 3位 京都
79%
5位 京都
79%
5位 愛媛
74%
4位 C大阪
63%
4位 C大阪 昇格
63%
No matching quizzes found
Score Distribution
Percent of People with Each Score
Percentile by Number Answered
Your Score History
You have not taken this quiz